000 00682cam a2200217Ia 4500
020 _a0919849180 (Canada)
020 _a9780919849181 (Canada)
020 _a1853831867 (U.K.)
020 _a9781853831867 (U.K.)
040 _cDGU
082 0 4 _a627 EAR 1993 C146 Or.
082 0 4 _a351.86709512
245 0 0 _aDamming the Three Gorges :
_bwhat dam builders don't want you to know : a critique of the Three Gorges water control project feasibility study /
250 _a2nd ed.
260 _aLondon :
_bEarthscan,
_cc1993.
300 _axxiii, 183 p. :
_biii, maps ;
_c22 cm.
650 0 _aDams
700 1 _aBarber, Margaret.
700 1 _aRyder, Gr©Łinne.
942 _cAEDBB
999 _c18480
_d18480